[Event "POL-ch Blitz U18 Girls"]
[Site "Bydgoszcz"]
[Date "2023.08.31"]
[Round "2"]
[White "Bugaj, Hanna"]
[Black "Nowak, Roksana"]
[Result "0-1"]
[WhiteElo "1626"]
[BlackElo "1798"]
[PlyCount "68"]
[EventDate "2023.08.28"]
[EventType "swiss"]
[EventRounds "9"]
[EventCountry "POL"]
[SourceTitle "EXT 2024"]
[Source "ChessBase"]
[SourceDate "2023.10.10"]
[SourceVersion "1"]
[SourceVersionDate "2023.10.10"]
[SourceQuality "1"]

1. g3 Nf6 2. Bg2 g6 3. d4 Bg7 4. Nf3 0-0 5. 0-0 d5 6. c4 e6 7. Nc3 c6 8. cxd5 exd5 9. Qc2 Bf5 10. Qb3 Qc8 11. Ne5 Nbd7 12. Bf4 Ng4 13. Nxg4 Bxg4 14. e3 Nf6 15. Be5 Re8 16. Rac1 Qd7 17. Na4 b6 18. Rc2 Bf5 19. Rcc1 Be4 20. Qc3 Rac8 21. b4 Bxg2 22. Kxg2 Ne4 23. Qb2 Bxe5 24. dxe5 c5 25. Nc3 Nxc3 26. Qxc3 d4 27. exd4 cxd4 28. Qf3 Rxc1 29. Rxc1 Rxe5 30. Qf6 Re6 31. Qf4 Qd5+ 32. Kg1 d3 33. Rc8+ Kg7 34. Qb8 Re1# 0-1

[Event "POL-ch Blitz U18 Girls"]
[Site "Bydgoszcz"]
[Date "2023.08.31"]
[Round "4"]
[White "Labedz, Gabriela"]
[Black "Nowak, Roksana"]
[Result "0-1"]
[WhiteElo "1495"]
[BlackElo "1798"]
[PlyCount "102"]
[EventDate "2023.08.28"]
[EventType "swiss"]
[EventRounds "9"]
[EventCountry "POL"]
[SourceTitle "EXT 2024"]
[Source "ChessBase"]
[SourceDate "2023.10.10"]
[SourceVersion "1"]
[SourceVersionDate "2023.10.10"]
[SourceQuality "1"]

1. e4 g6 2. d4 Bg7 3. Nf3 a6 4. Nc3 b5 5. a3 Bb7 6. Bd3 e6 7. Be3 Ne7 8. 0-0 0-0 9. Qd2 d6 10. Bh6 Nd7 11. Bxg7 Kxg7 12. h3 Rc8 13. Nh2 c5 14. dxc5 dxc5 15. f4 c4 16. Be2 Nc5 17. Qxd8 Rfxd8 18. Bf3 Nc6 19. e5 Nd4 20. Bxb7 Nxb7 21. Rf2 Nc5 22. Ng4 a5 23. Nf6 Nf5 24. Nxb5 Rb8 25. a4 Nxa4 26. Rxa4 Rxb5 27. c3 Rc5 28. Ne4 Rc6 29. Rxa5 Rd1+ 30. Kh2 Re1 31. Nd2 Ne3 32. Nf3 Rb1 33. g4 Nd1 34. Rf1 Nxc3 35. Rxb1 Nxb1 36. Rb5 c3 37. bxc3 Nxc3 38. Rb3 Nd5 39. Kg3 Rc2 40. Rd3 h6 41. f5 gxf5 42. gxf5 Rc4 43. f6+ Kg6 44. h4 h5 45. Rd4 Rc3 46. Kf2 Kf5 47. Rd2 Rc4 48. Re2 Rf4 49. Kg3 Rg4+ 50. Kh3 Nf4+ 51. Kh2 Nxe2 0-1

[Event "POL-ch Rapid U18 Girls"]
[Site "Bydgoszcz"]
[Date "2023.08.29"]
[Round "1"]
[White "Kaznowska, Kinga"]
[Black "Nowak, Roksana"]
[Result "1/2-1/2"]
[WhiteElo "1375"]
[BlackElo "1721"]
[PlyCount "102"]
[EventDate "2023.08.28"]
[EventType "swiss"]
[EventRounds "11"]
[EventCountry "POL"]
[SourceTitle "EXT 2024"]
[Source "ChessBase"]
[SourceDate "2023.10.10"]
[SourceVersion "1"]
[SourceVersionDate "2023.10.10"]
[SourceQuality "1"]

1. e4 c5 2. Nf3 d6 3. Bb5+ Nd7 4. d3 g6 5. c4 Bg7 6. Nc3 Ngf6 7. 0-0 0-0 8. h3 a6 9. Ba4 Nb6 10. Re1 Nxa4 11. Qxa4 Bd7 12. Qb3 e6 13. Bg5 Qc7 14. e5 dxe5 15. Nxe5 Bc6 16. Bf4 Qc8 17. Rad1 Rd8 18. Qb6 Be8 19. b4 Nd7 20. Qa5 b6 21. Qa3 Nxe5 22. Bxe5 f6 23. Bf4 cxb4 24. Qxb4 Qc6 25. Rd2 Bf8 26. Qb3 Kf7 27. Rb1 Bc5 28. Ne4 Bd4 29. Be3 Rab8 30. Bxd4 Rxd4 31. Qc3 e5 32. Rb4 Rbd8 33. Qb3 Rb8 34. c5+ Qe6 35. Rxb6 Qxb3 36. Rxb3 Rxb3 37. axb3 Bc6 38. Nd6+ Ke6 39. Kf1 a5 40. Nc4 a4 41. bxa4 Bxa4 42. Ke2 Bb5 43. Nb6 e4 44. Ke3 Rxd3+ 45. Rxd3 exd3 46. f4 f5 47. h4 h6 48. g3 h5 49. Kd2 Ba6 50. Kc3 Bb5 51. Kd2 Ke7 1/2-1/2

[Event "POL-ch Rapid U18 Girls"]
[Site "Bydgoszcz"]
[Date "2023.08.29"]
[Round "5"]
[White "Lochina, Justyna"]
[Black "Nowak, Roksana"]
[Result "1/2-1/2"]
[WhiteElo "1569"]
[BlackElo "1721"]
[PlyCount "35"]
[EventDate "2023.08.28"]
[EventType "swiss"]
[EventRounds "11"]
[EventCountry "POL"]
[SourceTitle "EXT 2024"]
[Source "ChessBase"]
[SourceDate "2023.10.10"]
[SourceVersion "1"]
[SourceVersionDate "2023.10.10"]
[SourceQuality "1"]

1. e4 c5 2. Nf3 d6 3. d4 cxd4 4. Nxd4 Nf6 5. Nc3 a6 6. Bc4 e6 7. Bb3 Be7 8. 0-0 0-0 9. f4 Nbd7 10. f5 exf5 11. Nxf5 Ne5 12. Nxe7+ Qxe7 13. Bg5 Be6 14. Bxf6 gxf6 15. Qe1 Kg7 16. Qg3+ Ng6 17. Rad1 Rad8 18. Rd2 1/2-1/2

[Event "POL-ch Rapid U18 Girls"]
[Site "Bydgoszcz"]
[Date "2023.08.29"]
[Round "4"]
[White "Nowak, Roksana"]
[Black "Dallemura, Anna"]
[Result "1-0"]
[WhiteElo "1721"]
[BlackElo "1505"]
[PlyCount "79"]
[EventDate "2023.08.28"]
[EventType "swiss"]
[EventRounds "11"]
[EventCountry "POL"]
[SourceTitle "EXT 2024"]
[Source "ChessBase"]
[SourceDate "2023.10.10"]
[SourceVersion "1"]
[SourceVersionDate "2023.10.10"]
[SourceQuality "1"]

1. e4 e5 2. Nf3 Nc6 3. Bb5 a6 4. Ba4 Nf6 5. 0-0 b5 6. Bb3 Be7 7. Re1 d6 8. c3 0-0 9. h3 Na5 10. Bc2 c5 11. d4 Qc7 12. Nbd2 cxd4 13. cxd4 Nc6 14. d5 Nb4 15. Bb1 a5 16. a3 Na6 17. Nf1 Re8 18. Ng3 h6 19. Be3 Bf8 20. Qd2 Kh7 21. Bd3 Bd7 22. Rac1 Qb7 23. Qxa5 Nc5 24. Qc3 Nxd3 25. Qxd3 b4 26. Bd2 bxa3 27. bxa3 Bb5 28. Qe3 Qa6 29. Bb4 Nd7 30. Nd2 Nb6 31. Qf3 Kg8 32. Nh5 Rec8 33. Ng3 Rxc1 34. Rxc1 Rc8 35. Qd1 Ba4 36. Qe1 Bb5 37. Nf5 Nc4 38. Nxc4 Bxc4 39. Qc3 g6 40. Ne3 1-0

[Event "POL-ch U18 Girls"]
[Site "Jastrzebia Gora"]
[Date "2023.??.??"]
[Round "7"]
[White "Kucharska, Helena"]
[Black "Nowak, Roksana"]
[Result "1-0"]
[WhiteElo "1779"]
[BlackElo "1816"]
[PlyCount "89"]
[EventDate "2023.03.11"]
[EventType "swiss"]
[EventRounds "9"]
[EventCountry "POL"]
[SourceTitle "CBM 213 Extra"]
[Source "ChessBase"]
[SourceDate "2023.05.31"]
[SourceVersion "1"]
[SourceVersionDate "2023.05.31"]
[SourceQuality "1"]

1. e4 c5 2. Nf3 d6 3. Bb5+ Nd7 4. d4 cxd4 5. Qxd4 Ngf6 6. 0-0 a6 7. Bxd7+ Bxd7 8. Bg5 e6 9. Nbd2 e5 10. Qd3 h6 11. Bxf6 Qxf6 12. a4 Rd8 13. Nc4 Be6 14. Nb6 Be7 15. Rfd1 0-0 16. Nd5 Bxd5 17. Qxd5 Rb8 18. c4 Rfc8 19. b4 b6 20. Nd2 Bf8 21. Nf1 a5 22. b5 g6 23. Ne3 Be7 24. Qd3 Qg5 25. Nd5 Bd8 26. Ra3 Rb7 27. Qe2 h5 28. Rg3 Qh6 29. Ne3 Bh4 30. Nf5 Qf4 31. Rf3 Qg5 32. Nxd6 Rcc7 33. Nxb7 Rxb7 34. c5 bxc5 35. Qc4 Qe7 36. Rd5 Rc7 37. Rc3 Rd7 38. Qxc5 Rxd5 39. exd5 Qf6 40. Rf3 Qg5 41. d6 Qd2 42. g3 Bg5 43. Qxe5 f5 44. h4 Qd1+ 45. Kg2 1-0

[Event "EU-ch U18 Girls 30th"]
[Site "Antalya"]
[Date "2022.11.12"]
[Round "7"]
[White "Nowak, Roksana"]
[Black "Maghlakelidze, Rusudan"]
[Result "1/2-1/2"]
[WhiteElo "1765"]
[BlackElo "1700"]
[PlyCount "80"]
[EventDate "2022.11.06"]
[EventType "swiss"]
[EventRounds "9"]
[EventCountry "TUR"]
[SourceTitle "EXT 2024"]
[Source "ChessBase"]
[SourceDate "2023.10.10"]
[SourceVersion "1"]
[SourceVersionDate "2023.10.10"]
[SourceQuality "1"]

1. e4 c5 2. Nf3 Nc6 3. d4 cxd4 4. Nxd4 e5 5. Nb5 a6 6. Nd6+ Bxd6 7. Qxd6 Qf6 8. Qc7 Qg6 9. Nc3 Nf6 10. f3 0-0 11. Be3 d5 12. Bc5 Re8 13. 0-0-0 dxe4 14. Nxe4 Nxe4 15. fxe4 Bg4 16. Re1 Rac8 17. Qxb7 Nd8 18. Qd5 Ne6 19. Be3 Nc7 20. Qb7 Bd7 21. Bd3 Bc6 22. Qb4 Nb5 23. h4 Red8 24. h5 Qe6 25. Bc4 Bxe4 26. Bc5 Bd5 27. Bxd5 Rxd5 28. Be3 Qf5 29. Re2 Nd4 30. Bxd4 Rxd4 31. Qb3 Qf4+ 32. Qe3 Qxe3+ 33. Rxe3 f6 34. h6 g6 35. Rf1 Rc6 36. Rb3 Rd7 37. g4 Kf7 38. Rb8 Ke6 39. Rf8 Rf7 40. Re8+ Re7 1/2-1/2

[Event "POL-chT 1st League"]
[Site "Sypniewo"]
[Date "2022.09.09"]
[Round "7.8"]
[White "Nowak, Roksana"]
[Black "Barwinska, Ewa"]
[Result "0-1"]
[WhiteElo "1765"]
[BlackElo "1967"]
[PlyCount "76"]
[EventDate "2022.09.03"]
[EventType "team-swiss"]
[EventRounds "9"]
[EventCountry "POL"]
[SourceTitle "CBM 210 Extra"]
[Source "ChessBase"]
[SourceDate "2022.11.30"]
[SourceVersion "1"]
[SourceVersionDate "2022.11.30"]
[SourceQuality "1"]
[WhiteTeam "Ostrow Wielkopolski"]
[BlackTeam "Konin UKS Smecz"]
[WhiteTeamCountry "POL"]
[BlackTeamCountry "POL"]

1. e4 c5 2. f4 Nc6 3. Nf3 g6 4. Bb5 Qc7 5. d3 Bg7 6. Bxc6 Qxc6 7. Nc3 d6 8. 0-0 Nf6 9. Re1 0-0 10. Kh1 a6 11. a4 b6 12. Qe2 e6 13. Qf2 Bb7 14. Qh4 Nd7 15. Qg3 b5 16. a5 b4 17. Nd1 Rfe8 18. Ne3 Qc7 19. h4 Nf6 20. Nc4 Rad8 21. Qh2 d5 22. exd5 exd5 23. Nce5 Bc8 24. Bd2 Ng4 25. Nxg4 Bxg4 26. Ne5 Bf5 27. Qg3 h5 28. b3 Rb8 29. Kh2 Re6 30. Rad1 Qxa5 31. Nf3 Rbe8 32. Ng5 Rxe1 33. Rxe1 Qd8 34. Qf2 Bd4 35. Be3 Qe7 36. Qf3 Bxe3 37. Qxd5 Bxf4+ 38. g3 Bxg3+ 0-1

[Event "POL-chT 1st League"]
[Site "Sypniewo"]
[Date "2022.09.08"]
[Round "6.10"]
[White "Michalska, Aleksandra"]
[Black "Nowak, Roksana"]
[Result "1/2-1/2"]
[WhiteElo "1767"]
[BlackElo "1765"]
[PlyCount "99"]
[EventDate "2022.09.03"]
[EventType "team-swiss"]
[EventRounds "9"]
[EventCountry "POL"]
[SourceTitle "CBM 210 Extra"]
[Source "ChessBase"]
[SourceDate "2022.11.30"]
[SourceVersion "1"]
[SourceVersionDate "2022.11.30"]
[SourceQuality "1"]
[WhiteTeam "Zielonka Zieloni"]
[BlackTeam "Ostrow Wielkopolski"]
[WhiteTeamCountry "POL"]
[BlackTeamCountry "POL"]

1. e4 c5 2. Nc3 d6 3. Bb5+ Nd7 4. d3 a6 5. Bxd7+ Bxd7 6. f4 Nf6 7. Nf3 Bg4 8. h3 Bxf3 9. Qxf3 Qc7 10. g4 e6 11. Rf1 Be7 12. Be3 Nd7 13. Bf2 Qb6 14. Rb1 Bf6 15. Kd2 Bd4 16. Bxd4 cxd4 17. Ne2 Rc8 18. c3 dxc3+ 19. Nxc3 Qb4 20. Rfc1 0-0 21. Ke2 d5 22. a3 Qb6 23. exd5 exd5 24. Nxd5 Rce8+ 25. Kf1 Qb3 26. Nb4 Nf6 27. g5 Ne4 28. Qd1 Qe6 29. Kg2 Nd6 30. Qf3 Nf5 31. Qf2 a5 32. Nc2 Qd5+ 33. Kh2 Qxd3 34. Re1 Rc8 35. Rbc1 Nh4 36. Re3 Qf5 37. Nd4 Qd5 38. Rxc8 Rxc8 39. Qxh4 Qxd4 40. Qf2 Qa4 41. Re2 g6 42. Qe3 Rc2 43. Kg3 Rxe2 44. Qxe2 Qd7 45. Qe3 a4 46. Qc3 Qe6 47. Qd4 Qe1+ 48. Kg2 Qe2+ 49. Kg3 Qe1+ 50. Kg2 1/2-1/2

[Event "POL-chT 1st League"]
[Site "Sypniewo"]
[Date "2022.09.06"]
[Round "4.8"]
[White "Nowak, Roksana"]
[Black "Rudzinska, Michalina"]
[Result "0-1"]
[WhiteElo "1765"]
[BlackElo "2289"]
[PlyCount "88"]
[EventDate "2022.09.03"]
[EventType "team-swiss"]
[EventRounds "9"]
[EventCountry "POL"]
[SourceTitle "CBM 210 Extra"]
[Source "ChessBase"]
[SourceDate "2022.11.30"]
[SourceVersion "1"]
[SourceVersionDate "2022.11.30"]
[SourceQuality "1"]
[WhiteTeam "Ostrow Wielkopolski"]
[BlackTeam "Strzelce Opolskie Strzelec"]
[WhiteTeamCountry "POL"]
[BlackTeamCountry "POL"]

1. e4 c6 2. d4 d5 3. exd5 cxd5 4. c4 Nf6 5. Nc3 e6 6. c5 b6 7. b4 Be7 8. Bf4 bxc5 9. bxc5 Ne4 10. Nxe4 dxe4 11. Bxb8 Rxb8 12. Qa4+ Kf8 13. g3 e3 14. f3 Bxc5 15. Rd1 Bb4+ 16. Ke2 Bd7 17. Qc2 Bd2 18. Rxd2 exd2 19. Kxd2 Qa5+ 20. Ke3 Rc8 21. Qb1 g6 22. Bd3 Kg7 23. Ne2 Rb8 24. Qa1 Qa3 25. Rb1 Rxb1 26. Qxb1 Bc6 27. h4 Bd5 28. g4 Bc4 29. Nf4 Bxd3 30. Nxd3 Rd8 31. Qa1 e5 32. Ke2 exd4 33. Qb1 Re8+ 34. Kf2 Re3 35. Ne1 Qc3 36. Qd1 h6 37. g5 hxg5 38. hxg5 Re5 39. f4 Qe3+ 40. Kg2 Qxf4 41. Nf3 Qg4+ 42. Kf2 Rxg5 43. Qf1 Qxf3+ 44. Kxf3 Rf5+ 0-1

[Event "POL-chT 1st League"]
[Site "Sypniewo"]
[Date "2022.09.04"]
[Round "2.10"]
[White "Nowak, Roksana"]
[Black "Fraczek, Weronika"]
[Result "0-1"]
[WhiteElo "1765"]
[BlackElo "1859"]
[PlyCount "102"]
[EventDate "2022.09.03"]
[EventType "team-swiss"]
[EventRounds "9"]
[EventCountry "POL"]
[SourceTitle "CBM 210 Extra"]
[Source "ChessBase"]
[SourceDate "2022.11.30"]
[SourceVersion "1"]
[SourceVersionDate "2022.11.30"]
[SourceQuality "1"]
[WhiteTeam "Ostrow Wielkopolski"]
[BlackTeam "Lublin LKSz"]
[WhiteTeamCountry "POL"]
[BlackTeamCountry "POL"]

1. e4 e6 2. d4 d5 3. Nc3 Nf6 4. Bg5 Bb4 5. e5 h6 6. Bd2 Bxc3 7. bxc3 Ne4 8. Qg4 Kf8 9. h4 c5 10. Bd3 Nxd2 11. Kxd2 Qa5 12. Nf3 Nc6 13. Qf4 Bd7 14. Rhb1 Nd8 15. g4 cxd4 16. Nxd4 Rc8 17. Ne2 Qc7 18. Qb4+ Qc5 19. Nd4 Qxb4 20. Rxb4 Ke7 21. Bb5 b6 22. Bxd7 Kxd7 23. Ra4 Ra8 24. c4 Nb7 25. cxd5 exd5 26. Nb5 a6 27. Nc3 Kc6 28. Rd4 Rad8 29. Rd1 Rd7 30. Ke3 Rhd8 31. f4 Nc5 32. f5 b5 33. Kf4 a5 34. a3 g6 35. R1d2 h5 36. e6 fxe6 37. fxg6 hxg4 38. Kxg4 Rg8 39. h5 Rdg7 40. Rf4 Nd7 41. Rdf2 Ne5+ 42. Kh4 Nxg6+ 43. hxg6 Rxg6 44. Kh3 Rg3+ 45. Kh2 Rxc3 46. Re2 Rg6 47. a4 bxa4 48. Rxa4 Kb5 49. Ra2 Rc4 50. Kh3 Rc8 51. Rb2+ Kc6 0-1

[Event "Polanica Zdroj op-B 58th"]
[Site "Polanica Zdroj"]
[Date "2022.08.18"]
[Round "6"]
[White "Wesolek, Krzysztof"]
[Black "Nowak, Roksana"]
[Result "0-1"]
[WhiteElo "1747"]
[BlackElo "1779"]
[PlyCount "70"]
[EventDate "2022.08.13"]
[EventType "swiss"]
[EventRounds "9"]
[EventCountry "POL"]
[SourceTitle "CBM 210 Extra"]
[Source "ChessBase"]
[SourceDate "2022.11.30"]
[SourceVersion "1"]
[SourceVersionDate "2022.11.30"]
[SourceQuality "1"]

1. e4 e5 2. Nf3 Nc6 3. Bc4 Nf6 4. d3 Bc5 5. c3 d6 6. h3 a6 7. a4 Ba7 8. 0-0 h6 9. Re1 g5 10. Be3 g4 11. hxg4 Nxg4 12. Bxa7 Nxa7 13. d4 Nc6 14. Nbd2 Qf6 15. Nf1 h5 16. N1h2 Rg8 17. Bf1 Ne7 18. Qd2 Nxh2 19. Kxh2 Bg4 20. Be2 Bxf3 21. Bxf3 Ng6 22. Rh1 Nh4 23. Qe3 exd4 24. cxd4 Nxf3+ 25. Qxf3 Qxd4 26. Qf5 Qg7 27. Rhg1 Qh6 28. f4 Qg7 29. e5 Qg3+ 30. Kh1 Rg4 31. Ra3 Rh4+ 32. Qh3 Rxh3+ 33. gxh3 Qxf4 34. Rg8+ Kd7 35. Rxa8 Qc1+ 0-1

[Event "Polanica Zdroj op-B 58th"]
[Site "Polanica Zdroj"]
[Date "2022.08.13"]
[Round "1"]
[White "Nowak, Roksana"]
[Black "Szuber, Dawid"]
[Result "0-1"]
[WhiteElo "1779"]
[BlackElo "1484"]
[PlyCount "76"]
[EventDate "2022.08.13"]
[EventType "swiss"]
[EventRounds "9"]
[EventCountry "POL"]
[SourceTitle "CBM 210 Extra"]
[Source "ChessBase"]
[SourceDate "2022.11.30"]
[SourceVersion "1"]
[SourceVersionDate "2022.11.30"]
[SourceQuality "1"]

1. e4 c5 2. Nf3 Nc6 3. d4 cxd4 4. Nxd4 e5 5. Nb5 a6 6. Nd6+ Bxd6 7. Qxd6 Qe7 8. Qd3 d6 9. Nc3 Nf6 10. Bg5 Be6 11. a3 Rd8 12. Be2 h6 13. Bxf6 Qxf6 14. Nd5 Bxd5 15. exd5 Nd4 16. 0-0 Nxe2+ 17. Qxe2 0-0 18. c3 Rc8 19. Rad1 Qg5 20. Rd3 f5 21. f4 Qf6 22. fxe5 dxe5 23. Kh1 Qd6 24. Qh5 Rc5 25. Rfd1 b5 26. h3 Rc7 27. Rg3 Kh7 28. Rf3 e4 29. Re3 Rc5 30. Ree1 Rxd5 31. Rxd5 Qxd5 32. Rd1 Qe6 33. Rd4 f4 34. Qe2 f3 35. gxf3 Qxh3+ 36. Kg1 Qg3+ 37. Qg2 Qe1+ 38. Kh2 Rxf3 0-1

[Event "POL-ch U18 Girls"]
[Site "Sypniewo"]
[Date "2022.03.27"]
[Round "9"]
[White "Nowak, Roksana"]
[Black "Goraj, Barbara"]
[Result "1/2-1/2"]
[WhiteElo "1669"]
[BlackElo "2078"]
[PlyCount "93"]
[EventDate "2022.03.19"]
[EventType "swiss"]
[EventRounds "9"]
[EventCountry "POL"]
[SourceTitle "CBM 207 Extra"]
[Source "ChessBase"]
[SourceDate "2022.05.31"]
[SourceVersion "1"]
[SourceVersionDate "2022.05.31"]
[SourceQuality "1"]

1. e4 c5 2. Nf3 d6 3. d4 cxd4 4. Nxd4 Nf6 5. Nc3 Nc6 6. Bg5 e6 7. Qd3 Be7 8. f4 0-0 9. Nxc6 bxc6 10. 0-0-0 Qa5 11. Be2 Rb8 12. Qg3 Qb4 13. b3 d5 14. e5 Ne8 15. Bxe7 Qxe7 16. Bd3 Qa3+ 17. Kd2 Qb4 18. Ke2 f5 19. Nb1 Qa5 20. a3 c5 21. Qe1 Qb6 22. Qg3 Nc7 23. Rhe1 Qc6 24. Qf3 Bb7 25. Kf1 a5 26. Nc3 Qe8 27. Qg3 d4 28. Na4 Qc6 29. Nb2 Nd5 30. Nc4 a4 31. Na5 Qe8 32. Nxb7 Rxb7 33. Bc4 Nc3 34. Rd3 axb3 35. cxb3 Ne4 36. Qf3 h5 37. h4 g6 38. Rc1 Qe7 39. g3 Ra8 40. a4 Kf7 41. Qg2 Rb4 42. Ke1 Qb7 43. Rc2 Qb6 44. Rc1 Ra7 45. Qf3 Qa5 46. Kd1 Qb6 47. Ke1 1/2-1/2

[Event "POL-ch U18 Girls"]
[Site "Sypniewo"]
[Date "2022.03.24"]
[Round "6"]
[White "Wawrzyniak, Weronika"]
[Black "Nowak, Roksana"]
[Result "0-1"]
[WhiteElo "1493"]
[BlackElo "1669"]
[PlyCount "122"]
[EventDate "2022.03.19"]
[EventType "swiss"]
[EventRounds "9"]
[EventCountry "POL"]
[SourceTitle "CBM 207 Extra"]
[Source "ChessBase"]
[SourceDate "2022.05.31"]
[SourceVersion "1"]
[SourceVersionDate "2022.05.31"]
[SourceQuality "1"]

1. d4 Nf6 2. Nc3 b6 3. e4 Bb7 4. f3 g6 5. Be3 Bg7 6. Qd2 d6 7. g4 e6 8. Nge2 Nbd7 9. g5 Ng8 10. Ng3 h5 11. h4 a6 12. 0-0-0 Qe7 13. Bd3 0-0-0 14. Qe2 Nb8 15. Rhf1 c5 16. Qf2 Nc6 17. Nce2 Qe8 18. f4 f5 19. e5 Na5 20. dxc5 dxc5 21. Nc3 Nc6 22. Be2 Nb4 23. Rxd8+ Kxd8 24. Rd1+ Kc7 25. a3 Nd5 26. Bd2 Nge7 27. Bf3 Nxc3 28. Bxc3 Nd5 29. Bd2 Qa4 30. Ne2 Rd8 31. Bxd5 exd5 32. Qe3 Qc6 33. b4 d4 34. Qf2 Qa4 35. Kb2 d3 36. Nc3 Qxc2+ 37. Ka1 Qb3 38. Rb1 Qxa3+ 39. Na2 Bd5 40. Rb2 Bf8 41. Qe1 cxb4 42. Kb1 a5 43. Be3 Bb3 44. Qf2 Bxa2+ 45. Rxa2 Qb3+ 46. Rb2 Qd1+ 47. Ka2 b3+ 48. Rxb3 Qe2+ 49. Rb2 Qxf2 50. Rxf2 Bc5 51. Bxc5 bxc5 52. Rd2 c4 53. Kb2 Kc6 54. Kc3 Kc5 55. Ra2 a4 56. Kd2 Rb8 57. Rxa4 Rb2+ 58. Kc1 c3 59. Ra1 Rh2 60. Ra5+ Kb6 61. Rd5 Rh1# 0-1

[Event "POL-ch U18 Girls"]
[Site "Sypniewo"]
[Date "2022.03.21"]
[Round "3"]
[White "Nowak, Roksana"]
[Black "Matusik, Zuzanna"]
[Result "1-0"]
[WhiteElo "1669"]
[BlackElo "1286"]
[PlyCount "107"]
[EventDate "2022.03.19"]
[EventType "swiss"]
[EventRounds "9"]
[EventCountry "POL"]
[SourceTitle "CBM 207 Extra"]
[Source "ChessBase"]
[SourceDate "2022.05.31"]
[SourceVersion "1"]
[SourceVersionDate "2022.05.31"]
[SourceQuality "1"]

1. e4 e5 2. Nf3 Nc6 3. Bb5 Bc5 4. 0-0 Nd4 5. Nxd4 Bxd4 6. c3 Bb6 7. d4 c6 8. Bc4 d6 9. Kh1 Ne7 10. f4 exd4 11. cxd4 d5 12. exd5 cxd5 13. Bd3 Bf5 14. Bxf5 Nxf5 15. Re1+ Ne7 16. f5 0-0 17. f6 Ng6 18. fxg7 Kxg7 19. Qh5 Kg8 20. Bg5 Qd6 21. Rd1 Rfe8 22. Nc3 Re6 23. Qf3 Bc7 24. g3 Bd8 25. Bf4 Nxf4 26. gxf4 Rc8 27. Rg1+ Kh8 28. Qg4 Bf6 29. Rad1 Ree8 30. Qf5 Rcd8 31. Rd3 Qe6 32. Qh5 Rg8 33. Rxg8+ Rxg8 34. Qe2 Qf5 35. Qf3 Qg6 36. Qg3 Qh5 37. Qf2 Bh4 38. Qe2 Qg6 39. Rd1 Qe6 40. Qh5 Bf6 41. Qxd5 Qe3 42. Qe4 Qf2 43. Ne2 b6 44. b3 Be7 45. Ng3 Bd6 46. Rf1 Qd2 47. Nh5 f5 48. Qd5 Qe2 49. Qf3 Qxa2 50. Qh3 Rg6 51. Re1 Qf2 52. Re8+ Rg8 53. Nf6 Rxe8 54. Qxh7# 1-0

[Event "Poznan op 26th"]
[Site "Poznan"]
[Date "2018.08.26"]
[Round "9"]
[White "Nowak, Roksana"]
[Black "Zatylny, Jan"]
[Result "1/2-1/2"]
[WhiteElo "1329"]
[BlackElo "1548"]
[PlyCount "45"]
[EventDate "2018.08.19"]
[EventType "swiss"]
[EventRounds "9"]
[EventCountry "POR"]
[SourceTitle "CBM 186 Extra"]
[Source "ChessBase"]
[SourceDate "2018.08.24"]
[SourceVersion "1"]
[SourceVersionDate "2018.08.24"]
[SourceQuality "1"]

1. f4 e6 2. Nf3 Nf6 3. e3 d5 4. b3 Nbd7 5. Bb2 Be7 6. Be2 c6 7. 0-0 0-0 8. Qe1 h6 9. h3 Nh7 10. d3 Bf6 11. Bxf6 Qxf6 12. Nbd2 Qc3 13. Rc1 f5 14. Nb1 Qf6 15. Qg3 g5 16. fxg5 hxg5 17. d4 Qg7 18. c3 Ndf6 19. Ne5 Nd7 20. Nf3 Ndf6 21. Ne5 Nd7 22. Nf3 Ndf6 23. Ne5 1/2-1/2

[Event "Poznan op 26th"]
[Site "Poznan"]
[Date "2018.08.22"]
[Round "5"]
[White "Nawrowski, Artur"]
[Black "Nowak, Roksana"]
[Result "1/2-1/2"]
[WhiteElo "1024"]
[BlackElo "1329"]
[PlyCount "72"]
[EventDate "2018.08.19"]
[EventType "swiss"]
[EventRounds "9"]
[EventCountry "POR"]
[SourceTitle "CBM 186 Extra"]
[Source "ChessBase"]
[SourceDate "2018.08.24"]
[SourceVersion "1"]
[SourceVersionDate "2018.08.24"]
[SourceQuality "1"]

1. d4 Nf6 2. c4 g6 3. Nc3 Bg7 4. Bg5 0-0 5. e4 d6 6. Nf3 Bg4 7. Bd3 Nc6 8. Be3 e5 9. d5 Ne7 10. h3 Bxf3 11. Qxf3 c6 12. Bg5 Nd7 13. 0-0 f6 14. Bh4 cxd5 15. cxd5 Nc5 16. Qe2 Nxd3 17. Qxd3 a6 18. a4 Rc8 19. f3 Qb6+ 20. Bf2 Qxb2 21. Rfc1 Qb4 22. Rab1 Qc4 23. Qxc4 Rxc4 24. Rxb7 Nc8 25. Be1 Rf7 26. Rxf7 Kxf7 27. Rb1 Rc7 28. Rb8 h5 29. Ra8 Na7 30. Rb8 Bh6 31. Kf2 Nc8 32. Ra8 Na7 33. Rb8 Nc8 34. Ra8 Na7 35. Rb8 Nc8 36. Ra8 Na7 1/2-1/2

[Event "Poznan op 26th"]
[Site "Poznan"]
[Date "2018.08.21"]
[Round "4"]
[White "Nowak, Roksana"]
[Black "Roszkiewicz, Anna"]
[Result "0-1"]
[WhiteElo "1329"]
[BlackElo "1750"]
[PlyCount "94"]
[EventDate "2018.08.19"]
[EventType "swiss"]
[EventRounds "9"]
[EventCountry "POR"]
[SourceTitle "CBM 186 Extra"]
[Source "ChessBase"]
[SourceDate "2018.08.24"]
[SourceVersion "1"]
[SourceVersionDate "2018.08.24"]
[SourceQuality "1"]

1. f4 d5 2. Nf3 g6 3. e3 Bg7 4. d4 Nf6 5. c4 e6 6. Nc3 0-0 7. cxd5 exd5 8. Bd3 Re8 9. 0-0 b6 10. h3 Bb7 11. Re1 Nbd7 12. b3 Ne4 13. Bb2 Nxc3 14. Bxc3 Nf6 15. Bb2 Ne4 16. Rc1 Rc8 17. Bxe4 Rxe4 18. Ng5 Re8 19. Nf3 Qd6 20. Ne5 f6 21. Nd3 Re6 22. Qf3 Ba6 23. Nf2 f5 24. Rcd1 Rce8 25. Nd3 Bxd3 26. Rxd3 Qd7 27. Rdd1 Re4 28. Rd3 c5 29. Qf2 Qb5 30. Rdd1 c4 31. bxc4 Qxc4 32. Ba1 Rc8 33. Rd2 Bf8 34. Rde2 Qa4 35. Kh2 Re6 36. Qf1 Rec6 37. Qf3 Qa5 38. Qf1 Rc2 39. Qf2 Qxa2 40. Bb2 Qxb2 41. Qf3 Rxe2 42. Qxd5+ Kh8 43. Rxe2 Qxe2 44. Qd7 Rc2 45. Qd5 Qxg2+ 46. Qxg2 Rxg2+ 47. Kxg2 a5 0-1

[Event "Poznan op 26th"]
[Site "Poznan"]
[Date "2018.08.20"]
[Round "3"]
[White "Szymanski, Zbigniew"]
[Black "Nowak, Roksana"]
[Result "1-0"]
[WhiteElo "1804"]
[BlackElo "1329"]
[PlyCount "107"]
[EventDate "2018.08.19"]
[EventType "swiss"]
[EventRounds "9"]
[EventCountry "POR"]
[SourceTitle "CBM 186 Extra"]
[Source "ChessBase"]
[SourceDate "2018.08.24"]
[SourceVersion "1"]
[SourceVersionDate "2018.08.24"]
[SourceQuality "1"]

1. d4 Nf6 2. Nf3 g6 3. c4 Bg7 4. Nc3 0-0 5. g3 d6 6. Bg2 Nbd7 7. 0-0 Re8 8. e4 e5 9. Re1 exd4 10. Nxd4 Ne5 11. b3 Bd7 12. Bb2 Nc6 13. Nd5 a6 14. Qd2 Nxd4 15. Bxd4 Bc6 16. Rac1 Bxd5 17. cxd5 Nd7 18. Bxg7 Kxg7 19. Qc3+ Kg8 20. Qxc7 Nc5 21. Qxd8 Raxd8 22. Re3 a5 23. f4 b6 24. e5 Re7 25. Kf2 Rde8 26. Rce1 dxe5 27. d6 Re6 28. fxe5 Rd8 29. Bd5 Ree8 30. Bc4 Kf8 31. Rf3 Ne6 32. Rf6 Kg7 33. Bxe6 fxe6 34. Rc1 Rd7 35. Rc6 Rb7 36. Ke3 g5 37. Kd4 h5 38. Kc4 b5+ 39. Kc5 a4 40. Rc7+ Rxc7+ 41. dxc7 axb3 42. axb3 b4 43. Kc6 h4 44. Kd7 Rh8 45. c8Q Rxc8 46. Kxc8 hxg3 47. hxg3 g4 48. Kd7 Kg8 49. Kxe6 Kg7 50. Kf5 Kh7 51. Kg5 Kh8 52. Kg6 Kg8 53. e6 Kh8 54. Rf8# 1-0